More than 10 Million Population-Yes or No? - Statistics

General Stats
  • This quiz has been taken 23 times
  • The average score is 24 of 40
Answer Stats
Hint Answer % Correct
Denmark No
89%
Bolivia Yes
83%
Honduras No
78%
Guinea Yes
78%
Belarus No
72%
Singapore No
72%
Belgium Yes
72%
Hungary No
67%
Switzerland No
67%
Bulgaria No
67%
El Salvador No
67%
Cuba Yes
67%
Portugal Yes
67%
Sweden Yes
67%
Greece Yes
67%
Austria No
61%
Togo No
61%
South Sudan Yes
61%
Dominican Republic Yes
61%
Sierra Leone No
56%
Laos No
56%
Kyrgyzstan No
56%
Turkmenistan No
56%
Nicaragua No
56%
Central African Republic No
56%
Republic of the Congo No
56%
Rwanda Yes
56%
Haiti Yes
56%
Czechia Yes
56%
United Arab Emirates Yes
56%
Serbia No
50%
Paraguay No
50%
Tunisia Yes
50%
Azerbaijan Yes
50%
Libya No
44%
Benin Yes
44%
Jordan Yes
44%
Burundi Yes
39%
Papua New Guinea Yes
28%
Tajikistan Yes
28%
No matching quizzes found
Score Distribution
Percent of People with Each Score
Percentile by Number Answered
Your Score History
You have not taken this quiz